000 00582nam a2200229Ia 4500
003 OSt
005 20220928145447.0
006 a|||||r|||| 00| 0
007 ta
008 220927b |||||||| |||| 00| 0 eng d
024 _a80636
037 _cTextual
040 _aSDCL
_cSDCL
_beng
041 _2eng
_aeng
082 _aXM8:8F, P3
100 _aClarke Frank
_9513003
245 0 _aCorporate collapse
_b Accounting,regularity and ethical failure
250 _a2
260 _c2003
942 _hXM8:8F, P3
_cTEXL
_2CC
999 _c833654
_d833654